[Event "GER-ch Seniors 22nd"]
[Site "Berlin"]
[Date "2010.08.19"]
[Round "4"]
[White "Weller, Friedhelm"]
[Black "Fiedler, Ronald"]
[Result "1/2-1/2"]
[WhiteElo "1685"]
[BlackElo "1477"]
[PlyCount "105"]
[EventDate "2010.08.16"]
[EventType "swiss"]
[EventRounds "9"]
[EventCountry "GER"]
[SourceTitle "CBM 138 Extra"]
[Source "ChessBase"]
[SourceDate "2010.10.29"]
[SourceVersion "1"]
[SourceVersionDate "2010.10.29"]
[SourceQuality "1"]

1. e4 c5 2. Nc3 Nc6 3. Nf3 d6 4. h3 e6 5. Ne2 Nf6 6. Ng3 Be7 7. c3 Qb6 8. Be2 0-0 9. 0-0 Qc7 10. d3 d5 11. Nh2 dxe4 12. dxe4 Bd6 13. f4 e5 14. f5 Ne7 15. Bg5 Nxf5 16. Nxf5 Nxe4 17. Nxd6 Nxg5 18. Nxc8 Raxc8 19. Bg4 Rcd8 20. Qe2 c4 21. Qe3 h6 22. Rad1 b6 23. Rxd8 Rxd8 24. Re1 e4 25. Be2 f5 26. Rf1 g6 27. Rf2 Kg7 28. Nf1 b5 29. b4 Nf7 30. g3 Ne5 31. Qf4 Qd6 32. Rg2 Nd3 33. Qe3 Rd7 34. Bxd3 Qxd3 35. Qc1 Qd6 36. Rd2 Qb6+ 37. Kg2 Rd3 38. Rxd3 exd3 39. Qe3 Qxe3 40. Nxe3 Kf6 41. Kf3 Ke5 42. h4 g5 43. hxg5 hxg5 44. Nf1 g4+ 45. Ke3 Kd5 46. Kf4 Ke6 47. Nd2 Kf6 48. a3 a6 49. Ke3 Ke5 50. a4 Kd5 51. axb5 axb5 52. Nxc4 bxc4 53. b5 1/2-1/2

[Event "Wch Seniors 19th"]
[Site "Condino"]
[Date "2009.10.28"]
[Round "2"]
[White "Batakovs, Olegs N"]
[Black "Weller, Friedhelm"]
[Result "1-0"]
[WhiteElo "2186"]
[BlackElo "1947"]
[PlyCount "61"]
[EventDate "2009.10.27"]
[EventType "swiss"]
[EventRounds "11"]
[EventCountry "ITA"]
[SourceTitle "EXT 2010"]
[Source "ChessBase"]
[SourceDate "2010.11.25"]
[SourceVersion "1"]
[SourceVersionDate "2010.11.25"]
[SourceQuality "1"]

1. e4 e5 2. Nf3 Nc6 3. Bb5 Qf6 4. 0-0 a6 5. Ba4 b5 6. Bb3 h6 7. c3 Bc5 8. d4 Bb6 9. a4 Bb7 10. axb5 axb5 11. Rxa8+ Bxa8 12. Na3 Nge7 13. Nxb5 0-0 14. Be3 d6 15. d5 Na5 16. Bxb6 cxb6 17. Bc2 Ng6 18. b4 Nb7 19. Qd3 Rc8 20. Qe3 Qd8 21. Ra1 Nf4 22. Bd3 Qd7 23. Bf1 f5 24. g3 fxe4 25. Qxe4 Nh5 26. Qh4 Qf7 27. Bh3 g5 28. Bxc8 Qxf3 29. Qg4 Qxg4 30. Bxg4 Nf6 31. Be6+ 1-0

[Event "GER-ch Seniors 21st"]
[Site "Dresden"]
[Date "2009.08.08"]
[Round "7"]
[White "Weller, Friedhelm"]
[Black "Merettig, Georg"]
[Result "0-1"]
[WhiteElo "1919"]
[BlackElo "1953"]
[PlyCount "64"]
[EventDate "2009.08.03"]
[EventType "swiss"]
[EventRounds "9"]
[EventCountry "GER"]
[SourceTitle "CBM 131 Extra"]
[Source "ChessBase"]
[SourceDate "2009.09.03"]
[SourceVersion "2"]
[SourceVersionDate "2009.09.16"]
[SourceQuality "1"]

1. e4 Nc6 2. Nc3 b6 3. Nf3 Bb7 4. a3 e6 5. d4 Nce7 6. Be3 Ng6 7. h3 Nf6 8. Bd3 d5 9. e5 Ne4 10. Bxe4 dxe4 11. Nd2 f5 12. exf6 gxf6 13. Ndxe4 f5 14. Ng5 Bxg2 15. Rg1 Bd5 16. Qh5 Qd7 17. 0-0-0 0-0-0 18. f4 Bd6 19. Rgf1 Rde8 20. Rd3 Qe7 21. h4 Qf6 22. Qf3 Re7 23. h5 Nxf4 24. Nh3 Nxd3+ 25. cxd3 Ree8 26. Nxd5 exd5 27. Bd2 Qxd4 28. Qxf5+ Kb8 29. Bc3 Qe3+ 30. Kc2 Rhf8 31. Bf6 Be5 32. Qd7 Qe2+ 0-1

[Event "GER-ch Seniors 21st"]
[Site "Dresden"]
[Date "2009.08.07"]
[Round "6"]
[White "Gerstenberg, Lutz"]
[Black "Weller, Friedhelm"]
[Result "0-1"]
[WhiteElo "1862"]
[BlackElo "1919"]
[PlyCount "84"]
[EventDate "2009.08.03"]
[EventType "swiss"]
[EventRounds "9"]
[EventCountry "GER"]
[SourceTitle "CBM 131 Extra"]
[Source "ChessBase"]
[SourceDate "2009.09.03"]
[SourceVersion "2"]
[SourceVersionDate "2009.09.16"]
[SourceQuality "1"]

1. d4 d5 2. Nf3 Nf6 3. c4 e6 4. Bg5 Be7 5. e3 Ne4 6. Bxe7 Qxe7 7. cxd5 exd5 8. Nbd2 Bg4 9. Qa4+ c6 10. Bd3 Nd7 11. Rc1 0-0 12. Qb3 Rab8 13. a3 a6 14. Qc2 f5 15. h3 Bh5 16. b4 Rbe8 17. Rb1 Kh8 18. a4 Ra8 19. 0-0 Bg6 20. b5 axb5 21. axb5 Rfc8 22. bxc6 bxc6 23. Rb7 Qd6 24. Nh4 c5 25. Nxg6+ hxg6 26. Qb2 Nxd2 27. Qxd2 c4 28. Bc2 c3 29. Qd3 Nf6 30. Qb5 Kh7 31. Rb6 Qd8 32. f3 Ra2 33. Bb3 Rb2 34. Ra6 Rb8 35. Qc5 R2xb3 36. Rfa1 Rb1+ 37. Rxb1 Rxb1+ 38. Kh2 Qb8+ 39. f4 Qb5 40. Qc8 Qf1 41. Rxf6 Qg1+ 42. Kg3 Qxe3+ 0-1

[Event "GER-ch Seniors 21st"]
[Site "Dresden"]
[Date "2009.08.04"]
[Round "2"]
[White "Briesemeister, Klaus"]
[Black "Weller, Friedhelm"]
[Result "0-1"]
[WhiteElo "1888"]
[BlackElo "1919"]
[PlyCount "80"]
[EventDate "2009.08.03"]
[EventType "swiss"]
[EventRounds "9"]
[EventCountry "GER"]
[SourceTitle "CBM 131 Extra"]
[Source "ChessBase"]
[SourceDate "2009.09.03"]
[SourceVersion "2"]
[SourceVersionDate "2009.09.16"]
[SourceQuality "1"]

1. d4 d5 2. e4 dxe4 3. Nc3 Bf5 4. f3 Nf6 5. fxe4 Nxe4 6. Qf3 Nd6 7. Bf4 Bc8 8. 0-0-0 c6 9. d5 cxd5 10. Bxd6 exd6 11. Qxd5 Be7 12. Ne4 0-0 13. Nf3 Nd7 14. Nxd6 Bxd6 15. Qxd6 Qa5 16. Bc4 Nf6 17. Ne5 Bg4 18. Rd3 Rfe8 19. Re3 Rad8 20. Ra3 Rxd6 21. Rxa5 a6 22. h3 Be6 23. Re1 b5 24. Bxe6 fxe6 25. Nd3 Nd7 26. a4 Rc8 27. axb5 Rxd3 28. Rxa6 Rd5 29. Raxe6 Rxb5 30. R1e3 Rbc5 31. c3 Rd5 32. b4 h6 33. Kc2 Nf6 34. g4 Rcd8 35. c4 R5d6 36. b5 Rd1 37. b6 R1d7 38. R3e5 Rb7 39. Kb3 Rc8 40. Kb4 Nd7 0-1

[Event "Niedersachsen-ch Seniors 42th"]
[Site "Sottrum"]
[Date "2008.04.15"]
[Round "6"]
[White "Weller, Friedhelm"]
[Black "Kienel, Norbert"]
[Result "1-0"]
[WhiteElo "1699"]
[BlackElo "1614"]
[PlyCount "189"]
[EventDate "2008.04.10"]
[EventType "swiss"]
[EventRounds "9"]
[EventCountry "GER"]
[SourceTitle "EXT 2022"]
[Source "ChessBase"]
[SourceDate "2021.10.06"]
[SourceVersion "1"]
[SourceVersionDate "2021.10.06"]
[SourceQuality "1"]

1. e4 c5 2. Nc3 d6 3. h3 Nf6 4. Nf3 Nc6 5. a3 Bd7 6. Bc4 e6 7. d4 cxd4 8. Nxd4 Be7 9. 0-0 0-0 10. Be3 a6 11. Be2 Rc8 12. Nf3 Na5 13. e5 dxe5 14. Nxe5 Qc7 15. Bf4 Qd8 16. Qd3 Bb5 17. Nxb5 axb5 18. Rad1 Qxd3 19. Bxd3 Nd5 20. Bc1 Nc4 21. Nf3 b4 22. a4 Bf6 23. b3 Nb2 24. Bxb2 Bxb2 25. Bc4 Nc3 26. Rd7 b6 27. Rd6 Rfd8 28. Rxd8+ Rxd8 29. Bd3 Nd5 30. g3 h6 31. Kg2 Kf8 32. Ng1 Bd4 33. Rb1 Nc3 34. Re1 Nd5 35. Nf3 Bc3 36. Re4 Nf6 37. Rc4 Ke7 38. g4 g5 39. Ng1 Nd5 40. Ne2 Kd7 41. Kf3 Rc8 42. Re4 Nf6 43. Nxc3 bxc3 44. Rb4 Nd5 45. Rd4 Ke7 46. Bb5 Kf6 47. Ke4 Ke7 48. Bf1 Rc5 49. b4 Rc8 50. Kf3 Nf6 51. Rd1 Nd5 52. Rb1 Ra8 53. Bb5 Nc7 54. Bc6 Rd8 55. Rb3 Rd4 56. Ke3 e5 57. Rxc3 Rxb4 58. Rb3 Rxb3+ 59. cxb3 Kd6 60. Bg2 Ne6 61. Bf1 Nc5 62. Bc4 f6 63. Kf3 Ke7 64. Ke3 Kd6 65. f3 Ke7 66. Kf2 Kd6 67. Kg3 Ke7 68. h4 Kd6 69. h5 Ke7 70. Kf2 Kd6 71. Ke3 Ke7 72. Kd2 Kd6 73. Kc3 e4 74. fxe4 Nxe4+ 75. Kb4 Nf2 76. Be2 Ne4 77. Bd3 Nc5 78. Bf5 Nb7 79. Kb5 Kc7 80. Bc2 Nd6+ 81. Kb4 Nb7 82. Kc4 Nd6+ 83. Kd4 Nb7 84. Kd5 Kd7 85. Bf5+ Ke7 86. Bc2 Nc5 87. b4 Nb7 88. Kc6 Nd8+ 89. Kxb6 Kd6 90. a5 Nc6 91. b5 Nd4 92. Bd1 Ne6 93. a6 Nc7 94. a7 Nd5+ 95. Ka5 1-0

[Event "GER-ch Seniors Gp-B 19th"]
[Site "Templin"]
[Date "2007.08.27"]
[Round "5"]
[White "Weller, Friedhelm"]
[Black "Roggenbach, Ottomar"]
[Result "1/2-1/2"]
[WhiteElo "1756"]
[BlackElo "1648"]
[PlyCount "82"]
[EventDate "2007.08.23"]
[EventType "swiss"]
[EventRounds "9"]
[EventCountry "GER"]
[SourceTitle "EXT 2022"]
[Source "ChessBase"]
[SourceDate "2021.10.06"]
[SourceVersion "1"]
[SourceVersionDate "2021.10.06"]
[SourceQuality "1"]

1. e4 Nc6 2. Nc3 e5 3. Nf3 Nf6 4. Bb5 d6 5. h3 Be7 6. d4 exd4 7. Nxd4 Bd7 8. Nde2 Ne5 9. Bxd7+ Nfxd7 10. Ng3 g6 11. 0-0 Bh4 12. Bh6 Nc6 13. Nd5 Nf6 14. c3 Rg8 15. b4 Bxg3 16. Nxf6+ Qxf6 17. fxg3 Qxc3 18. Kh2 a6 19. Bg5 Qc4 20. a3 Qe6 21. Qc2 Rf8 22. Qa4 Kd7 23. Qc2 f6 24. Bd2 Rf7 25. a4 f5 26. Rfe1 fxe4 27. Rxe4 Qf5 28. g4 Qf2 29. Qd3 Raf8 30. b5 axb5 31. axb5 Nb8 32. Re3 Qf4+ 33. Kg1 Qf2+ 34. Kh2 Qf4+ 35. Kh1 Qf2 36. Rd1 Qh4 37. Ree1 Re7 38. Bb4 Rfe8 39. Rxe7+ Rxe7 40. Kh2 Qg5 41. Rf1 Qe5+ 1/2-1/2

[Event "Niedersachsen-ch Seniors op 10th"]
[Site "Bad Bevensen"]
[Date "2007.07.06"]
[Round "4"]
[White "Grabitz, Georg"]
[Black "Weller, Friedhelm"]
[Result "1-0"]
[WhiteElo "1911"]
[BlackElo "1747"]
[PlyCount "51"]
[EventDate "2007.07.03"]
[EventType "swiss"]
[EventRounds "9"]
[EventCountry "GER"]
[SourceTitle "EXT 2022"]
[Source "ChessBase"]
[SourceDate "2021.10.06"]
[SourceVersion "1"]
[SourceVersionDate "2021.10.06"]
[SourceQuality "1"]

1. d4 d5 2. Bf4 Nf6 3. e3 e6 4. Nf3 Bd6 5. Ne5 c6 6. Nd2 Nbd7 7. Nxf7 Kxf7 8. Bxd6 Re8 9. Nf3 Kg8 10. Bd3 Qb6 11. 0-0 c5 12. Bxc5 Nxc5 13. dxc5 Qxc5 14. Ne5 Rf8 15. c3 Qe7 16. Qa4 Ne8 17. e4 Qd6 18. f4 Qb6+ 19. Qd4 Qxb2 20. exd5 Nf6 21. dxe6 Bxe6 22. Bc4 Bf7 23. Nxf7 Rxf7 24. Rab1 Qa3 25. Rxb7 Raf8 26. Rxa7 1-0

[Event "GER-chB Seniors 16th"]
[Site "Templin"]
[Date "2004.09.12"]
[Round "9"]
[White "Weller, Friedhelm"]
[Black "Holz auf der Heide, Gerhard"]
[Result "1/2-1/2"]
[WhiteElo "1870"]
[BlackElo "1617"]
[PlyCount "63"]
[EventDate "2004.09.04"]
[EventType "swiss"]
[EventRounds "9"]
[EventCountry "GER"]
[SourceTitle "EXT 2005"]
[Source "ChessBase"]
[SourceDate "2004.11.15"]
[SourceVersion "1"]
[SourceVersionDate "2004.11.15"]
[SourceQuality "1"]

1. e4 c5 2. Nc3 Nc6 3. Nf3 d6 4. h3 f5 5. Bc4 e6 6. exf5 d5 7. Bb5 d4 8. Ne2 exf5 9. Bxc6+ bxc6 10. Ne5 Qd5 11. Nf3 Nf6 12. d3 Bd6 13. 0-0 0-0 14. c3 dxc3 15. Nxc3 Qf7 16. Qa4 Qb7 17. Qc4+ Kh8 18. Re1 Bd7 19. b3 Rae8 20. Be3 Qb5 21. a3 Qxc4 22. bxc4 f4 23. Bd2 Bf5 24. Rxe8 Rxe8 25. Ne1 Be5 26. Rb1 Rd8 27. Nf3 Bd4 28. Ng5 Kg8 29. Nce4 h6 30. Nxf6+ Bxf6 31. Nf3 Bxd3 32. Rb7 1/2-1/2

[Event "GER-chB Seniors 16th"]
[Site "Templin"]
[Date "2004.09.10"]
[Round "7"]
[White "Weller, Friedhelm"]
[Black "Reichert, Rudolf"]
[Result "1-0"]
[WhiteElo "1870"]
[BlackElo "1561"]
[PlyCount "79"]
[EventDate "2004.09.04"]
[EventType "swiss"]
[EventRounds "9"]
[EventCountry "GER"]
[SourceTitle "EXT 2005"]
[Source "ChessBase"]
[SourceDate "2004.11.15"]
[SourceVersion "1"]
[SourceVersionDate "2004.11.15"]
[SourceQuality "1"]

1. e4 e5 2. Bc4 Nf6 3. d4 b5 4. Bxb5 Bb7 5. Nf3 c6 6. Ba4 h6 7. c3 d6 8. 0-0 Be7 9. h3 Qc7 10. Be3 Nbd7 11. Nbd2 Rd8 12. b4 Ba6 13. Qc2 0-0 14. Bb3 Kh8 15. Nh2 Rc8 16. a4 c5 17. b5 Bb7 18. a5 Qb8 19. c4 Nh5 20. Qd1 Nf4 21. Bxf4 exf4 22. Qh5 Bf6 23. Rac1 Ne5 24. Bc2 Nd7 25. a6 Ba8 26. Ndf3 Bd8 27. Qf5 Ne5 28. Qxf4 Ng6 29. Qg3 Qb6 30. Qg4 Bf6 31. Qf5 Ne7 32. Qh5 Ng6 33. g3 Qd8 34. Ng4 Bxd4 35. Nxd4 cxd4 36. f4 Rc5 37. f5 Qb6 38. Nxh6 gxh6 39. Qxh6+ Kg8 40. fxg6 1-0

[Event "Wch Seniors 13th"]
[Site "Bad Zwischenahn"]
[Date "2003.??.??"]
[Round "?"]
[White "Erbs, Wolfgang"]
[Black "Weller, Friedhelm"]
[Result "0-1"]
[WhiteElo "1725"]
[BlackElo "1700"]
[PlyCount "101"]
[EventDate "2003.11.16"]
[EventType "swiss"]
[EventRounds "11"]
[EventCountry "GER"]
[SourceTitle "CBM 097 Extra"]
[Source "ChessBase"]
[SourceDate "2004.01.13"]
[SourceVersion "1"]
[SourceVersionDate "2004.01.13"]
[SourceQuality "1"]

1. e4 e5 2. Nf3 d6 3. d4 Nd7 4. Bc4 c6 5. Nc3 Be7 6. 0-0 Ngf6 7. Qe2 0-0 8. Rd1 Qc7 9. d5 a5 10. a4 Nc5 11. Bg5 Bg4 12. Bxf6 Bxf6 13. Qd3 Bxf3 14. Qxf3 Qe7 15. Bf1 g6 16. Ne2 Rac8 17. c3 Nd7 18. g3 Rc7 19. b4 b6 20. Nc1 Rfc8 21. Ne2 axb4 22. cxb4 c5 23. bxc5 Rxc5 24. Rdc1 Rxc1 25. Rxc1 Nc5 26. Qc3 Ra8 27. Ra1 Qd7 28. f3 Rxa4 29. Rxa4 Qxa4 30. Qb2 b5 31. Kg2 b4 32. Nc1 Bd8 33. Qa2 Qxa2+ 34. Nxa2 b3 35. Nc3 Ba5 36. Nb1 Bb4 37. Kf2 f5 38. Ke3 Kf7 39. Bd3 Kf6 40. Nd2 Bxd2+ 41. Kxd2 g5 42. Bb1 g4 43. exf5 gxf3 44. g4 e4 45. h4 h6 46. Ke3 b2 47. Kd2 f2 48. Ke2 Nd3 49. Kf1 Ke5 50. Ke2 Kxd5 51. g5 0-1

[Event "Wch Seniors 13th"]
[Site "Bad Zwischenahn"]
[Date "2003.??.??"]
[Round "?"]
[White "Weller, Friedhelm"]
[Black "Jahr, Dieter"]
[Result "0-1"]
[WhiteElo "1700"]
[BlackElo "1895"]
[PlyCount "72"]
[EventDate "2003.11.16"]
[EventType "swiss"]
[EventRounds "11"]
[EventCountry "GER"]
[SourceTitle "CBM 097 Extra"]
[Source "ChessBase"]
[SourceDate "2004.01.13"]
[SourceVersion "1"]
[SourceVersionDate "2004.01.13"]
[SourceQuality "1"]

1. e4 c5 2. Nc3 Nc6 3. Nf3 d6 4. h3 g6 5. Bb5 Bd7 6. d3 Bg7 7. 0-0 Nf6 8. Ne2 0-0 9. c3 Qc7 10. Ba4 a6 11. Bc2 b5 12. Ng3 b4 13. d4 bxc3 14. bxc3 cxd4 15. cxd4 Nb4 16. Bb3 Bb5 17. Re1 Rfc8 18. a4 Bc4 19. Ba3 a5 20. Rc1 Bxb3 21. Qxb3 Qb7 22. e5 Nfd5 23. exd6 exd6 24. Ne4 Qb6 25. Bxb4 Nxb4 26. Neg5 d5 27. Rxc8+ Rxc8 28. Re7 Rc1+ 29. Kh2 Qd6+ 30. Ne5 Bxe5+ 31. Rxe5 f6 32. Nf3 fxe5 33. dxe5 Qc5 34. Kg3 Rc2 35. Qe3 Qxe3 36. fxe3 Nc6 0-1

[Event "Nord West Cup 05th"]
[Site "Bad Zwischenahn"]
[Date "2003.??.??"]
[Round "1"]
[White "Weller, Friedhelm"]
[Black "Leiber, Bernhard"]
[Result "0-1"]
[WhiteElo "1672"]
[BlackElo "2208"]
[PlyCount "74"]
[EventDate "2003.02.??"]
[EventType "swiss"]
[EventRounds "7"]
[EventCountry "GER"]
[SourceTitle "EXT 2004"]
[Source "ChessBase"]
[SourceDate "2003.11.25"]
[SourceVersion "1"]
[SourceVersionDate "2003.11.25"]
[SourceQuality "1"]

1. e4 c5 2. Nc3 Nc6 3. Nge2 e6 4. Ng3 Nf6 5. d3 d5 6. Bg5 Be7 7. Be2 0-0 8. 0-0 b5 9. f4 b4 10. Nb1 h6 11. Bh4 dxe4 12. dxe4 Qd4+ 13. Qxd4 Nxd4 14. Bd1 g5 15. fxg5 Nh7 16. c3 hxg5 17. cxd4 gxh4 18. Nh5 cxd4 19. e5 Ba6 20. Rf4 Rac8 21. Nd2 Bg5 22. Rg4 Kh8 23. Nf4 Rg8 24. Nf3 Be7 25. Rxg8+ Kxg8 26. Be2 Bxe2 27. Nxe2 d3 28. Nc1 d2 29. Nxd2 Rc2 30. Ndb3 Rxb2 31. Nd3 Rc2 32. Nd4 Rd2 33. Nc6 Rxd3 34. Nxe7+ Kg7 35. Rb1 a5 36. Rb2 Rc3 37. Rf2 Rc7 0-1

[Event "Nord West Cup 05th"]
[Site "Bad Zwischenahn"]
[Date "2003.??.??"]
[Round "7"]
[White "Weller, Friedhelm"]
[Black "Meyer, Peter"]
[Result "1/2-1/2"]
[WhiteElo "1672"]
[BlackElo "1541"]
[PlyCount "100"]
[EventDate "2003.02.??"]
[EventType "swiss"]
[EventRounds "7"]
[EventCountry "GER"]
[SourceTitle "EXT 2004"]
[Source "ChessBase"]
[SourceDate "2003.11.25"]
[SourceVersion "1"]
[SourceVersionDate "2003.11.25"]
[SourceQuality "1"]

1. e4 c6 2. d4 d5 3. e5 Bf5 4. Bd3 Bxd3 5. Qxd3 e6 6. f4 g6 7. Nf3 c5 8. c3 Nc6 9. Be3 cxd4 10. Nxd4 Nxd4 11. Bxd4 a6 12. Nd2 b5 13. a3 Nh6 14. Nb3 Nf5 15. Bf2 Rc8 16. 0-0 Be7 17. g4 Ng7 18. Qh3 h5 19. Rad1 Kd7 20. g5 Nf5 21. Rd3 Ke8 22. Rfd1 Kf8 23. Qf3 Kg7 24. h4 Rc4 25. Nd2 Rc6 26. Kh2 Qa5 27. Kh3 Qa4 28. Nf1 Rc4 29. Bd4 Rhc8 30. Ne3 Nxe3 31. Qxe3 Bc5 32. R1d2 Kf8 33. Qe1 Bxd4 34. Rxd4 Rxd4 35. Rxd4 Qc2 36. Qd2 Qf5+ 37. Kh2 Qg4 38. Qf2 Kg7 39. a4 Rc4 40. axb5 Rxd4 41. cxd4 axb5 42. b4 Qd1 43. Kg2 Qd3 44. Qb2 Qe4+ 45. Kg1 Qxf4 46. Qf2 Qf5 47. Qxf5 gxf5 48. Kf2 f4 49. Kf3 Kh7 50. Kxf4 Kg6 1/2-1/2